Der wirtschaftsethische Ansatz in der Theologischen Ethik von Helmut Thielicke: Darstellung der Grundpositionen und vergleichende Gegenüberstellung ökonomischer Ordnungskonzeptionen unter besonderer Berücksichtigung von A. Müller-Armack und A. F. v. Hayek

Saved in:  
Bibliographic Details
Main Author: Bremer, Silke (Author)
Format: Print Book
Language:German
Subito Delivery Service: Order now.
Check availability: HBZ Gateway
WorldCat: WorldCat
Interlibrary Loan:Interlibrary Loan for the Fachinformationsdienste (Specialized Information Services in Germany)
Published: Münster Lit 1996
In: Marktwirtschaft und Ethik (4)
Year: 1996
Series/Journal:Marktwirtschaft und Ethik 4
Standardized Subjects / Keyword chains:B Thielicke, Helmut 1908-1986 / Economic ethics / Theological ethics
B Thielicke, Helmut 1908-1986 / Economic ethics / Regulatory theory
B Thielicke, Helmut 1908-1986 / Economic ethics / Regulatory theory / Müller-Armack, Alfred 1901-1978
B Thielicke, Helmut 1908-1986 / Economic ethics / Regulatory theory / Hayek, Friedrich A. von 1899-1992
Further subjects:B Bibliographie enthalten
B Christian social ethics
B Theory
B Economic order
B Thielicke, Helmut (1908-1986)
B Thesis
B Economic ethics
B Wirtschaftsliberalismus
B Market economy
Online Access: Table of Contents

MARC

LEADER 00000cam a2200000 c 4500
001 215774116
003 DE-627
005 20250711133712.0
007 tu
008 960924s1996 gw ||||| m 00| ||ger c
015 |a 96,N40,0115  |2 dnb 
015 |a 97,A09,0196  |2 dnb 
016 7 |a 948575646  |2 DE-101 
020 |a 3825830829  |c  : DM 58.80 (brosch.)  |9 3-8258-3082-9 
035 |a (DE-627)215774116 
035 |a (DE-576)056752946 
035 |a (DE-599)DNB948575646 
035 |a (OCoLC)845275723 
035 |a (OCoLC)36642057 
040 |a DE-627  |b ger  |c DE-627  |e rakwb 
041 |a ger 
044 |c XA-DE 
084 |a 12  |a 10  |a 17  |2 sdnb 
084 |a 1  |2 ssgn 
084 |a QC 010  |2 rvk  |0 (DE-625)rvk/141236: 
084 |a BH 2262  |2 rvk  |0 (DE-625)rvk/11610:11597 
084 |a BH 2261  |2 rvk  |0 (DE-625)rvk/11610:11596 
084 |a BW 44937  |2 rvk  |0 (DE-625)rvk/17511:11768 
084 |a BL 8030  |2 rvk  |0 (DE-625)rvk/12319: 
084 |a 11.62  |2 bkl 
084 |a 83.02  |2 bkl 
084 |a 11.00  |2 bkl 
100 1 |a Bremer, Silke  |4 aut 
245 1 4 |a Der wirtschaftsethische Ansatz in der Theologischen Ethik von Helmut Thielicke  |b Darstellung der Grundpositionen und vergleichende Gegenüberstellung ökonomischer Ordnungskonzeptionen unter besonderer Berücksichtigung von A. Müller-Armack und A. F. v. Hayek  |c Silke Bremer 
263 |a brosch. : DM 58.80 
264 1 |a Münster  |b Lit  |c 1996 
300 |a VIII, 245 S.  |b graph. Darst.  |c 21 cm 
336 |a Text  |b txt  |2 rdacontent 
337 |a ohne Hilfsmittel zu benutzen  |b n  |2 rdamedia 
338 |a Band  |b nc  |2 rdacarrier 
490 1 |a Marktwirtschaft und Ethik  |v 4 
502 |a Zugl.: Erlangen, Nürnberg, Univ., Diss. 
505 8 |a Literaturverz. S. 231 - 244 
583 1 |a Archivierung/Langzeitarchivierung gewährleistet  |f SSG  |x XA-DE-BW  |2 pdager  |5 DE-21 
583 1 |a Archivierung prüfen  |c 20240324  |f DE-4165  |z 2  |2 pdager 
600 1 7 |8 1.7\x  |a Thielicke, Helmut  |d 1908-1986  |0 (DE-588)118621947  |0 (DE-627)061829749  |0 (DE-576)163296308  |2 stw 
601 |a Theologe 
601 |a Darstellung 
601 |a Vergleich 
601 |a Berücksichtigung 
650 7 |8 1.1\x  |a Wirtschaftsethik  |0 (DE-627)091400902  |0 (DE-2867)18130-4  |2 stw 
650 7 |8 1.2\x  |a Christliche Sozialethik  |0 (DE-627)091353823  |0 (DE-2867)16401-2  |2 stw 
650 7 |8 1.3\x  |a Marktwirtschaft  |0 (DE-627)091376521  |0 (DE-2867)11055-6  |2 stw 
650 7 |8 1.4\x  |a Wirtschaftsordnung  |0 (DE-627)091401119  |0 (DE-2867)11068-4  |2 stw 
650 7 |8 1.5\x  |a Wirtschaftsliberalismus  |0 (DE-627)091401089  |0 (DE-2867)10986-6  |2 stw 
650 7 |8 1.6\x  |a Theorie  |0 (DE-627)091394902  |0 (DE-2867)19073-6  |2 stw 
655 4 |0 (DE-206)3  |a Bibliographie enthalten  |5 DE-206 
655 7 |a Hochschulschrift  |0 (DE-588)4113937-9  |0 (DE-627)105825778  |0 (DE-576)209480580  |2 gnd-content 
689 0 0 |d p  |0 (DE-588)118621947  |0 (DE-627)061829749  |0 (DE-576)163296308  |2 gnd  |a Thielicke, Helmut  |d 1908-1986 
689 0 1 |d s  |0 (DE-588)4066439-9  |0 (DE-627)104137525  |0 (DE-576)209164603  |2 gnd  |a Wirtschaftsethik 
689 0 2 |d s  |0 (DE-588)4078249-9  |0 (DE-627)106077953  |0 (DE-576)209207957  |2 gnd  |a Theologische Ethik 
689 0 |5 DE-101 
689 1 0 |d p  |0 (DE-588)118621947  |0 (DE-627)061829749  |0 (DE-576)163296308  |2 gnd  |a Thielicke, Helmut  |d 1908-1986 
689 1 1 |d s  |0 (DE-588)4066439-9  |0 (DE-627)104137525  |0 (DE-576)209164603  |2 gnd  |a Wirtschaftsethik 
689 1 2 |d s  |0 (DE-588)4172736-8  |0 (DE-627)105385115  |0 (DE-576)209945370  |2 gnd  |a Ordnungstheorie 
689 1 |5 DE-101 
689 2 0 |d p  |0 (DE-588)118621947  |0 (DE-627)061829749  |0 (DE-576)163296308  |2 gnd  |a Thielicke, Helmut  |d 1908-1986 
689 2 1 |d s  |0 (DE-588)4066439-9  |0 (DE-627)104137525  |0 (DE-576)209164603  |2 gnd  |a Wirtschaftsethik 
689 2 2 |d s  |0 (DE-588)4172736-8  |0 (DE-627)105385115  |0 (DE-576)209945370  |2 gnd  |a Ordnungstheorie 
689 2 3 |d p  |0 (DE-588)118585282  |0 (DE-627)134257642  |0 (DE-576)162308116  |2 gnd  |a Müller-Armack, Alfred  |d 1901-1978 
689 2 |5 DE-101 
689 3 0 |d p  |0 (DE-588)118621947  |0 (DE-627)061829749  |0 (DE-576)163296308  |2 gnd  |a Thielicke, Helmut  |d 1908-1986 
689 3 1 |d s  |0 (DE-588)4066439-9  |0 (DE-627)104137525  |0 (DE-576)209164603  |2 gnd  |a Wirtschaftsethik 
689 3 2 |d s  |0 (DE-588)4172736-8  |0 (DE-627)105385115  |0 (DE-576)209945370  |2 gnd  |a Ordnungstheorie 
689 3 3 |d p  |0 (DE-588)118547364  |0 (DE-627)060058404  |0 (DE-576)161338631  |2 gnd  |a Hayek, Friedrich A. von  |d 1899-1992 
689 3 |5 DE-101 
751 |a Nürnberg  |0 (DE-588)4042742-0  |0 (DE-627)106212834  |0 (DE-576)209052325  |4 uvp 
751 |a Erlangen  |0 (DE-588)4015299-6  |0 (DE-627)106337254  |0 (DE-576)208911154  |4 uvp 
830 0 |a Marktwirtschaft und Ethik  |v 4  |9 4  |w (DE-627)234523808  |w (DE-576)051350963  |w (DE-600)1395254-7  |7 am 
856 4 2 |u http://www.gbv.de/dms/hbz/toc/ht007378908.pdf  |m V:DE-605  |q pdf/application  |v 2008-11-15  |x Verlag  |y Inhaltsverzeichnis  |3 Inhaltsverzeichnis  |7 1 
935 |a mteo 
935 |i Blocktest 
936 r v |a QC 010  |b Mensch und Wirtschaft. Wirtschaftliches Verhalten. Motivation. Wirtschaftsethik  |k Wirtschaftswissenschaften  |k Wirtschaftstheorie, einschließlich Geldtheorie  |k Mensch und Wirtschaft. Wirtschaftliches Verhalten. Motivation. Wirtschaftsethik  |0 (DE-627)1271174472  |0 (DE-625)rvk/141236:  |0 (DE-576)201174472 
936 r v |a BH 2262  |b Sekundärliteratur  |k Theologie und Religionswissenschaften  |k Evangelische Dogmatik  |k Allgemeines  |k Autoren  |k Thielicke, Helmut  |k Sekundärliteratur  |0 (DE-627)1273435370  |0 (DE-625)rvk/11610:11597  |0 (DE-576)203435370 
936 r v |a BH 2261  |b Werke  |k Theologie und Religionswissenschaften  |k Evangelische Dogmatik  |k Allgemeines  |k Autoren  |k Thielicke, Helmut  |k Werke  |0 (DE-627)1273435362  |0 (DE-625)rvk/11610:11596  |0 (DE-576)203435362 
936 r v |a BW 44937  |b Abhandlungen, Studien  |k Theologie und Religionswissenschaften  |k Evangelische Theologie  |k Evangelische Theologiegeschichte  |k Theologie von Kant bis zur Dialektischen Theologie  |k Weitere evangelische Autoren des 20. Jahrhunderts  |k Thielicke, Helmut  |k Abhandlungen, Studien  |0 (DE-627)1272084108  |0 (DE-625)rvk/17511:11768  |0 (DE-576)202084108 
936 r v |a BL 8030  |b Geschichtliches  |k Theologie und Religionswissenschaften  |k Christliche Gesellschaftslehre  |k Wirtschaft  |k Geschichtliches  |0 (DE-627)1270729454  |0 (DE-625)rvk/12319:  |0 (DE-576)200729454 
936 b k |a 11.62  |j Christliche Ethik  |x Religionswissenschaft  |0 (DE-627)10640380X 
936 b k |a 83.02  |j Philosophie und Theorie der Volkswirtschaft  |0 (DE-627)18157070X 
936 b k |a 11.00  |j Theologie  |j Religionswissenschaft: Allgemeines  |q coli-conc NSK->BK  |q https://coli-conc.gbv.de/api/mappings/f84af606-91a3-411d-b6bd-06d818fa3caf  |0 (DE-627)106415271 
951 |a BO 
ELC |b 1 
ITA |a 1  |t 1 
LOK |0 000 xxxxxcx a22 zn 4500 
LOK |0 001 3165050082 
LOK |0 003 DE-627 
LOK |0 004 215774116 
LOK |0 005 20010426000000 
LOK |0 008 990930||||||||||||||||ger||||||| 
LOK |0 040   |a DE-21  |c DE-627  |d DE-21 
LOK |0 852   |a DE-21 
LOK |0 852 1  |c 39 A 7273  |9 00 
LOK |0 935   |a theo 
LOK |0 936ln  |a t5.2 
LOK |0 939   |a 30-09-99  |b l01 
LOK |0 000 xxxxxcx a22 zn 4500 
LOK |0 001 3165050228 
LOK |0 003 DE-627 
LOK |0 004 215774116 
LOK |0 005 20100408172645 
LOK |0 008 971028||||||||||||||||ger||||||| 
LOK |0 040   |a DE-21-35  |c DE-627  |d DE-21-35 
LOK |0 541   |e 97/1980 
LOK |0 852   |a DE-21-35 
LOK |0 852 1  |c Mo 4.365  |m p  |9 00 
LOK |0 938   |k p 
LOK |0 938   |l K9  |8 0 
LOK |0 939   |a 28-10-97  |b l01 
ORI |a SA-MARC-ixtheoa001.raw 
STA 0 0 |a Christian social ethics,Christian social teaching,Society,Social teaching,Social ethics,Economic ethics,Economic ethics,Economic order,Market economy,Free market economy,Competitive economy,Regulatory theory,Theological ethics,Protestant ethics,Ethics,Theory 
STB 0 0 |a Ordre économique,Théorie,Théorie de l'ordre,Économie de marché,Éthique sociale chrétienne,Éthique théologique,Théologie morale,Éthique économique,Éthique économique 
STC 0 0 |a Economía de mercado,Orden económica,Teoría,Teoría de la orden económica,Ética económica,Ética económica,Ética social cristiana,Ética teológica 
STD 0 0 |a Economia di mercato,Etica economica,Etica economica,Etica sociale cristiana,Etica teologica,Ordinamento economico,Assetto economico,Assetto economico,Teoria,Teoria dei sistemi economici 
STE 0 0 |a 基督教社会伦理,巿场经济,自由巿场经济,理论,神学伦理,经济伦理,经济伦理,经济秩序 
STF 0 0 |a 基督教社會倫理,巿場經濟,自由巿場經濟,理論,神學倫理,經濟倫理,經濟倫理,經濟秩序 
STG 0 0 |a Economia de mercado,Ordem econômica,Teoria,Teoria da ordem econômica,Ética econômica,Ética econômica,Ética social cristã,Ética teológica 
STH 0 0 |a Богословская этика,Рыночная экономика,Теория,Теория порядков,Христианская социальная этика,Экономическая этика (мотив),Экономическая этика,Экономический строй 
STI 0 0 |a Θεολογική ηθική,Θεωρία,Θεωρία της Τάξης,Οικονομία της αγοράς,Οικονομική ηθική (μοτίβο),Οικονομική ηθική,Οικονομική τάξη,Χριστιανική κοινωνική ηθική 
SYA 0 0 |a Thielicke, H.,1908-1986,Thielicke, Helmuth,1908-1986 
SYE 0 0 |a Wirtschaft - Wirtschaftsethik,Economic ethics,Wirtschaftsmoral,Wirtschaft , Christentum,Christliche Soziallehre,Gesellschaftstheologie,Sozialtheologie,Soziallehre,Christliche Gesellschaftslehre , Freie Marktwirtschaft,Wettbewerbswirtschaft,Verkehrswirtschaft , Theorien,Theorien 
SYG 0 0 |a Thielicke, H.,1908-1986,Thielicke, Helmuth,1908-1986 , Wirtschaft - Wirtschaftsethik,Economic ethics,Wirtschaftsmoral,Wirtschaft , Evangelische Ethik,Evangelische Moraltheologie,Evangelisch-theologische Ethik , Thielicke, H.,1908-1986,Thielicke, Helmuth,1908-1986 , Wirtschaft - Wirtschaftsethik,Economic ethics,Wirtschaftsmoral,Wirtschaft , Wirtschaftsordnung,Wirtschaftsordnungstheorie , Thielicke, H.,1908-1986,Thielicke, Helmuth,1908-1986 , Wirtschaft - Wirtschaftsethik,Economic ethics,Wirtschaftsmoral,Wirtschaft , Wirtschaftsordnung,Wirtschaftsordnungstheorie , Armack, Alfred Müller-,1901-1978,Armack, Alfred M.-,1901-1978,Müller-Armack, A.,1901-1978,Armack, A. Müller-,1901-1978,Müller, Alfred,1901-1978 , Thielicke, H.,1908-1986,Thielicke, Helmuth,1908-1986 , Wirtschaft - Wirtschaftsethik,Economic ethics,Wirtschaftsmoral,Wirtschaft , Wirtschaftsordnung,Wirtschaftsordnungstheorie , Hayek, Friedrich August von,1899-1992,Hayek, F. A. von,1899-1992,Hayek, Friedrich August v.,1899-1992,Hayek, Friedrich von,1899-1992,Hayek, Friedrich,1899-1992,Hayek, August von,1899-1992,Chajek, F.,1899-1992,Chajek, F. A.,1899-1992,Chajek, Fridrich,1899-1992,Chajek, Fridrich A. fon,1899-1992,Chajek, Fridrich Avgust fon,1899-1992,Haek, Fridrih A.,1899-1992,Hayek, Frederick A.,1899-1992,Hayek, Fryderyk A. von,1899-1992,Hayek, Friedrich A. v.,1899-1992,VonHayek, Friedrich A.,1899-1992,Von Hayek, Friedrich A.,1899-1992,Hayek, F. A.,1899-1992,Hayek, Friedrich A.,1899-1992,Hayek, Friedrich August,1899-1992,Von Hayek, Friedrich August,1899-1992,Hayek, F.A.,1899-1992,Hayek von,1899-1992